Evaluación de los parámetros de diseño para sistemas y componentes no estructurales del capítulo 14 del Código Sísmico de Costa Rica 2002
保存先:
| 第一著者: | |
|---|---|
| フォーマット: | 図書 |
| 出版事項: |
[San José, Costa Rica]
2009
|
| 主題: | |
| タグ: |
タグ追加
タグなし, このレコードへの初めてのタグを付けませんか!
|
MARC
| LEADER | 00000nam a2200000Ia 4500 | ||
|---|---|---|---|
| 003 | 010409 | ||
| 005 | 20221231144049.0 | ||
| 008 | 140114s2009 cr a 000 ||s d | ||
| 040 | |c cru CEDI | ||
| 090 | |a TFG 5895 | ||
| 100 | |a Ramírez Villalba, Andrea |9 3752 | ||
| 245 | |a Evaluación de los parámetros de diseño para sistemas y componentes no estructurales del capítulo 14 del Código Sísmico de Costa Rica 2002 | ||
| 260 | |c 2009 |b [San José, Costa Rica] | ||
| 300 | |a 163 hojas; ilustraciones a color | ||
| 500 | |a Tesis (licenciatura en ingeniería civil)--Universidad de Costa Rica. Facultad de Ingeniería. Escuela de Ingeniería Civil | ||
| 650 | |x CODIGO SISMICO |x CONSTRUCCIONES ANTISISMICAS |x MUEBLES, EQUIPO, ETC. |x DISEÑO DE ESTRUCTURAS |x VIBRACION (INGENIERIA) |x ESTABILIDAD DE ESTRUCTURAS |9 3753 | ||
| 942 | |c TFG | ||
| 999 | |c 16340 |d 16340 | ||
